[Event "C.to Provinciale TP"]
[Site "Erice ITA"]
[Date "2010.01.24"]
[Round "4"]
[White "Monaco, Alessandro"]
[Black "Speciale, Francesco"]
[Result "1/2-1/2"]
[WhiteElo "1805"]
[BlackElo "1911"]
[PlyCount "71"]
[EventDate "2010.01.10"]

1. e4 c5 2. Nc3 Nc6 3. g3 e6 4. Bg2 g6 5. d3 a6 6. Be3 d6 7. Qd2 Bg7 8. Nd1 Qc7
9. f4 b6 10. c3 Bb7 11. Nf3 Nge7 12. O-O d5 13. exd5 Nxd5 14. Bf2 O-O-O 15. Ne3
Nce7 16. Rac1 Kb8 17. b4 cxb4 18. cxb4 Qd6 19. a3 b5 20. Rc5 Nxe3 21. Qxe3 Qxd3
22. Rfc1 Qxe3 23. Bxe3 Nd5 24. Bd4 Bxd4+ 25. Nxd4 Rc8 26. Nc6+ Ka8 27. Bxd5
exd5 28. Na5 Rhd8 29. Rxc8+ Rxc8 30. Rxc8+ Bxc8 31. Nb3 Ka7 32. Kf2 Kb6 33. Ke3
Kc7 34. h4 Kd6 35. Kd4 h6 36. Nd2 1/2-1/2

[Event "C.to Provinciale TP"]
[Site "Erice ITA"]
[Date "2010.01.17"]
[Round "4"]
[White "Pandolfo, Sergio"]
[Black "Gullo, Antonino"]
[Result "1-0"]
[WhiteElo "1640"]
[BlackElo "1443"]
[PlyCount "120"]
[EventDate "2010.01.10"]

1. d4 Nf6 2. e3 e6 3. Bd3 b6 4. Nf3 Bb7 5. Nbd2 d6 6. Qe2 Be7 7. e4 Nfd7 8. O-O
c5 9. c3 Nc6 10. Re1 O-O 11. Nb3 d5 12. dxc5 Bxc5 13. e5 h6 14. Bf4 Qe7 15. Qd2
g5 16. Bg3 Qd8 17. h4 Be7 18. hxg5 hxg5 19. Nbd4 Rc8 20. Bc2 Kg7 21. Qd3 Rh8
22. Nxc6 Bxc6 23. Nd4 Nc5 24. Qf3 Bd7 25. Qg4 Qg8 26. f4 Kf8 27. Kf2 Qg7 28.
Rh1 Ke8 29. Rh5 Rxh5 30. Qxh5 Kd8 31. Rh1 Kc7 32. Qh7 Rg8 33. Qxg7 Rxg7 34. f5
Rg8 35. f6 Bd8 36. Rh7 Be8 37. Rg7 Rh8 38. Rh7 Rxh7 39. Bxh7 a6 40. Bc2 Nd7 41.
Kf3 Kb7 42. Kg4 Bc7 43. Nf3 b5 44. Kxg5 Nb6 45. b3 a5 46. Kh6 a4 47. Kg7 axb3
48. axb3 Kc6 49. Ng5 Nd7 50. Nf3 Ba5 51. b4 Bc7 52. Bh7 Nb6 53. Bg8 Na4 54. Be1
Nb2 55. Bxf7 Bxf7 56. Kxf7 Bb6 57. Kg7 Bd8 58. f7 Be7 59. Bh4 Kd7 60. Bxe7 Kxe7
1-0

[Event "C.to Provinciale TP"]
[Site "Erice ITA"]
[Date "2010.01.24"]
[Round "4"]
[White "Savalla, Gianluca"]
[Black "Piazza, Francesco"]
[Result "0-1"]
[WhiteElo "1410"]
[BlackElo "1359"]
[PlyCount "76"]
[EventDate "2010.01.10"]

1. e4 b6 2. Nf3 Bb7 3. Nc3 g6 4. d4 Bg7 5. Bc4 e6 6. O-O Nf6 7. Bg5 h6 8. Bh4
g5 9. Bg3 Nxe4 10. Nxe4 Bxe4 11. Re1 Bxf3 12. Qxf3 Nc6 13. d5 Nd4 14. Qd3 Qe7
15. Be5 Bxe5 16. Rxe5 Nf5 17. dxe6 fxe6 18. Qc3 O-O-O 19. Ba6+ Kb8 20. Qf3 Nd6
21. Rd1 Rhf8 22. Qh3 Qf6 23. Re2 Qxb2 24. g3 Qxa2 25. Bd3 Nf5 26. Re4 Qd5 27.
Ra4 e5 28. Rda1 e4 29. Bc4 Qc6 30. Bf1 a5 31. Rc4 Qd5 32. Be2 e3 33. fxe3 Nxe3
34. Rc3 Rde8 35. Rd3 Qc6 36. Rad1 Nxd1 37. Bxd1 Re1+ 38. Qf1 Rexf1# 0-1

[Event "C.to Provinciale TP"]
[Site "Erice ITA"]
[Date "2010.01.24"]
[Round "4"]
[White "Savalla, Pietro"]
[Black "Bertino, Giacomo"]
[Result "1/2-1/2"]
[WhiteElo "1612"]
[BlackElo "2002"]
[PlyCount "129"]
[EventDate "2010.01.10"]

1. e4 d5 2. exd5 Nf6 3. Bc4 Bg4 4. Be2 Bf5 5. Nf3 Nxd5 6. O-O Nc6 7. d3 e5 8.
Nbd2 Be7 9. Nc4 Bf6 10. Ne3 Be6 11. a3 O-O 12. Bd2 Qd7 13. Nxd5 Bxd5 14. Bc3
Rad8 15. Re1 Rfe8 16. Qd2 Nd4 17. Bxd4 exd4 18. Qd1 Qf5 19. Nd2 Bh4 20. Bf3 Be7
21. Be4 Bxe4 22. Rxe4 Qd7 23. Nf1 f5 24. Re2 Bg5 25. Ng3 g6 26. Nf1 Rxe2 27.
Qxe2 Re8 28. Qd1 Qe6 29. Nd2 Qe2 30. Nf3 Bf6 31. Qe1 Qxe1+ 32. Rxe1 Rxe1+ 33.
Nxe1 g5 34. g3 Kf7 35. h3 Ke6 36. Kg2 g4 37. f3 h5 38. f4 a5 39. h4 a4 40. Kf2
b5 41. Ke2 Kd5 42. Kd2 c5 43. c3 Bd8 44. Nc2 Ba5 45. Na1 Kd6 46. Nc2 Kc6 47.
Na1 b4 48. cxb4 cxb4 49. axb4 Bxb4+ 50. Kd1 Kb5 51. Nc2 Bc5 52. Na3+ Kc6 53.
Nc4 Bd6 54. Ke2 Bc7 55. Kd1 Kd5 56. Ke2 Kc5 57. Kd1 Kb4 58. Kc2 Kc5 59. Kd1 Bd6
60. Kd2 Kc6 61. Na3 Bb4+ 62. Kd1 Be7 63. Nc4 Bf6 64. Kd2 Kc5 65. Kd1 1/2-1/2

[Event "C.to Provinciale TP"]
[Site "Erice ITA"]
[Date "2010.01.24"]
[Round "4"]
[White "Savalla, Salvatore"]
[Black "Piazza, Dario"]
[Result "0-1"]
[WhiteElo "1706"]
[BlackElo "1569"]
[PlyCount "102"]
[EventDate "2010.01.10"]

1. e4 e5 2. Nf3 Nc6 3. Bc4 Nf6 4. d4 exd4 5. O-O Bc5 6. c3 O-O 7. Bg5 Be7 8. e5
Ng4 9. Bxe7 Qxe7 10. cxd4 Qb4 11. Qb3 Qxb3 12. Bxb3 Nh6 13. Nc3 d6 14. Rad1 Bg4
15. Bd5 Ne7 16. Rd3 Bxf3 17. Bxf3 dxe5 18. dxe5 c6 19. Re1 Rad8 20. Rde3 Nhf5
21. Re4 Rfe8 22. Bd1 Ng6 23. Bb3 Nd4 24. Bd1 b5 25. Ne2 Nxe2+ 26. R4xe2 Rxe5
27. g3 Rde8 28. Rxe5 Rxe5 29. Kf1 Kf8 30. Bc2 Rxe1+ 31. Kxe1 Ne5 32. Ke2 g6 33.
h3 f6 34. f4 Nd7 35. f5 g5 36. g4 Ke7 37. Be4 Ne5 38. b3 a5 39. Kd2 Kd6 40. Kc3
Kc5 41. Bg2 b4+ 42. Kd2 Kd4 43. Bh1 c5 44. Bg2 c4 45. bxc4 Nxc4+ 46. Kc1 a4 47.
Bc6 a3 48. Kc2 b3+ 49. Kxb3 Na5+ 50. Kxa3 Nxc6 51. Kb3 Kc5 {...} 0-1

[Event "C.to Provinciale TP"]
[Site "Erice ITA"]
[Date "2010.01.24"]
[Round "5"]
[White "Bertino, Giacomo"]
[Black "Monaco, Alessandro"]
[Result "1/2-1/2"]
[WhiteElo "2002"]
[BlackElo "1805"]
[PlyCount "94"]
[EventDate "2010.01.10"]

1. Nc3 e6 2. d4 c5 3. dxc5 Bxc5 4. Ne4 d5 5. Nxc5 Qa5+ 6. Bd2 Qxc5 7. Bc3 f6 8.
e3 Ne7 9. Qh5+ Ng6 10. Bd3 Qf8 11. Bxg6+ hxg6 12. Qxg6+ Qf7 13. Qxf7+ Kxf7 14.
O-O-O Nc6 15. Nf3 b5 16. Nd4 Nxd4 17. Rxd4 Bb7 18. f3 a5 19. b3 b4 20. Bb2 Rac8
21. h3 Rc7 22. Kb1 Rhc8 23. Rc1 e5 24. Rh4 Re7 25. a3 g5 26. Rg4 bxa3 27. Bxa3
Rec7 28. Bb2 Bc6 29. h4 Bd7 30. hxg5 Bxg4 31. fxg4 fxg5 32. Bxe5 Rb7 33. Rf1+
Ke6 34. Rf5 Rg8 35. Kc1 Rf7 36. Rxf7 Kxf7 37. Bc7 Ra8 38. Kd2 Ke6 39. Ke2 a4
40. bxa4 Rxa4 41. Kf3 Rc4 42. Bd8 Rxc2 43. Bxg5 Kf7 44. Bd8 Rc4 45. Bb6 Kg6 46.
Bd4 Kg5 47. g3 Ra4 1/2-1/2

[Event "C.to Provinciale TP"]
[Site "Erice ITA"]
[Date "2010.01.24"]
[Round "5"]
[White "Bucaria, Ester"]
[Black "Guarino, Giuseppe"]
[Result "0-1"]
[WhiteElo "1224"]
[BlackElo "1497"]
[PlyCount "70"]
[EventDate "2010.01.10"]

1. e4 c5 2. Nc3 e6 3. Bc4 Nc6 4. Nf3 Be7 5. e5 a6 6. d4 cxd4 7. Nxd4 Nxe5 8.
Be2 Nf6 9. h3 d5 10. Bf4 Ng6 11. Qd2 e5 12. Nf5 Bxf5 13. Bh2 O-O 14. O-O-O Bb4
15. Bf3 Bxc3 16. Qxc3 Rc8 17. Qb3 Rxc2+ 18. Qxc2 Bxc2 19. Kxc2 d4 20. Kb1 b5
21. Rc1 Nd5 22. Rhe1 f6 23. Rc5 Nge7 24. g4 Nb4 25. Re4 d3 26. a3 Nc2 27. Kc1
Nd4 28. Rc3 Nxf3 29. Bg3 Ng1 30. Kd2 Qa8 31. Kxd3 Rd8+ 32. Ke3 Nd5+ 33. Kd3
Nxc3+ 34. Kxc3 Qxe4 35. f3 Qc4# 0-1

[Event "C.to Provinciale TP"]
[Site "Erice ITA"]
[Date "2010.01.24"]
[Round "5"]
[White "Bucca, Angelo"]
[Black "Gullo, Antonino"]
[Result "0-1"]
[WhiteElo "1401"]
[BlackElo "1443"]
[PlyCount "96"]
[EventDate "2010.01.10"]

1. e4 e5 2. Bc4 Bc5 3. Nf3 d6 4. h3 Nf6 5. d3 h6 6. Nc3 Nc6 7. O-O O-O 8. Nh4
Kh7 9. Nd5 Nxe4 10. dxe4 Qxh4 11. Qf3 Qd8 12. Ne3 Be6 13. Qg3 Qd7 14. Bxe6 fxe6
15. Kh2 d5 16. exd5 exd5 17. Kh1 Bxe3 18. Bxe3 d4 19. Bd2 Rad8 20. Qd3+ Qf5 21.
Qxf5+ Rxf5 22. g4 Rf3 23. Kg2 Rdf8 24. b4 e4 25. b5 Ne5 26. Bb4 R8f7 27. Rfe1
Rxf2+ 28. Kg1 R2f4 29. Rf1 e3 30. Rxf4 Rxf4 31. b6 axb6 32. Be7 e2 33. Re1 Nf3+
34. Kf2 Nxe1+ 35. Kxe1 Re4 36. Bd8 Kg6 37. Bxc7 Re6 38. h4 b5 39. h5+ Kg5 40.
Bd8+ Kxg4 41. Bc7 Kxh5 42. Ba5 Kg4 43. Kf2 h5 44. Kg1 e1=Q+ 45. Bxe1 Rxe1+ 46.
Kg2 Re2+ 47. Kh1 Kg3 48. Kg1 Re1# 0-1

[Event "C.to Provinciale TP"]
[Site "Erice ITA"]
[Date "2010.01.24"]
[Round "5"]
[White "Campo, Renato"]
[Black "Savalla, Salvatore"]
[Result "1/2-1/2"]
[WhiteElo "2010"]
[BlackElo "1706"]
[PlyCount "58"]
[EventDate "2010.01.10"]

1. e4 e5 2. Nc3 Nf6 3. Bc4 Be7 4. f4 d6 5. Nf3 Bg4 6. h3 Bxf3 7. Qxf3 Nc6 8.
Bb5 a6 9. Bxc6+ bxc6 10. d3 O-O 11. O-O exf4 12. Bxf4 Rb8 13. b3 h6 14. Ne2 Nh7
15. Nd4 Rb6 16. Nf5 Bf6 17. Rae1 Kh8 18. Qg3 Ng5 19. d4 Qd7 20. Bxg5 hxg5 21.
e5 Be7 22. Re4 d5 23. Rh4+ Kg8 24. Qg4 Qe6 25. Rh5 g6 26. Nh6+ Kg7 27. Rxf7+
Qxf7 28. Nxf7 gxh5 29. Qd7 Kxf7 1/2-1/2

[Event "C.to Provinciale TP"]
[Site "Erice ITA"]
[Date "2010.01.24"]
[Round "5"]
[White "Guirreri, Filippo"]
[Black "Cerami, Giuseppe"]
[Result "0-1"]
[WhiteElo "1418"]
[BlackElo "1589"]
[PlyCount "78"]
[EventDate "2010.01.10"]

1. e4 e6 2. Nf3 d5 3. exd5 exd5 4. d4 Bd6 5. Nc3 Nf6 6. Bg5 c6 7. Bd3 O-O 8.
O-O Bg4 9. h3 Bh5 10. Re1 Nbd7 11. Bf5 Qc7 12. Bxd7 Nxd7 13. a3 a5 14. b3 b5
15. g4 Bg6 16. Be7 Rfe8 17. Bxd6 Rxe1+ 18. Nxe1 Qxd6 19. Nd3 Re8 20. Qd2 h6 21.
Ne2 Nf6 22. Ng3 Ne4 23. Nxe4 dxe4 24. Ne5 Rxe5 25. Re1 Rd5 26. c3 Qxa3 27. c4
Rd8 28. Qe3 bxc4 29. bxc4 Qxe3 30. fxe3 f5 31. Ra1 Ra8 32. d5 cxd5 33. cxd5
fxg4 34. hxg4 Be8 35. Rc1 Bd7 36. Kf2 a4 37. Ke2 Ra5 38. Ra1 Rxd5 39. Rxa4 Bxa4
0-1

[Event "C.to Provinciale TP"]
[Site "Erice ITA"]
[Date "2010.01.24"]
[Round "5"]
[White "Krumbiegel, Michael"]
[Black "Pandolfo, Sergio"]
[Result "0-1"]
[WhiteElo "1422"]
[BlackElo "1640"]
[PlyCount "114"]
[EventDate "2010.01.10"]

1. e4 c5 2. Bc4 e6 3. Nc3 d6 4. d3 Nf6 5. Nge2 Be7 6. Ng3 Nc6 7. Bb3 b6 8. O-O
Bb7 9. Bd2 a6 10. Re1 Qc7 11. Bf4 O-O-O 12. Na4 Nd7 13. a3 g5 14. Be3 Rdf8 15.
d4 f5 16. dxc5 bxc5 17. exf5 exf5 18. Nh5 f4 19. Bd2 Nde5 20. Ng7 Nd4 21. Ne6
Nxe6 22. Bxe6+ Kb8 23. Bc3 Qc6 24. f3 Qxa4 25. Bxe5 dxe5 26. Rxe5 Qd4+ 27. Qxd4
cxd4 28. Bc4 Rc8 29. b3 Bf6 30. Re6 Rhf8 31. Bd3 h6 32. h3 Rce8 33. Rae1 Rxe6
34. Rxe6 Kc7 35. Kf2 Kd7 36. Bf5 Kc7 37. Ke2 a5 38. Kd3 Bc8 39. Rxf6 Rxf6 40.
Be4 Bf5 41. Kxd4 Bxe4 42. fxe4 f3 43. gxf3 Rxf3 44. e5 Kc6 45. b4 axb4 46. axb4
Rf4+ 47. Ke3 Rxb4 48. c3 Rh4 49. Kf3 Kd5 50. c4+ Rxc4 51. e6 Kxe6 52. Kg3 Kf5
53. Kg2 Kf4 54. h4 g4 55. h5 Rc2+ 56. Kf1 Kg3 57. Kg1 Rc1# 0-1

[Event "C.to Provinciale TP"]
[Site "Erice ITA"]
[Date "2010.01.24"]
[Round "5"]
[White "Lo Bosco, Salvatore"]
[Black "Messina, Damiano"]
[Result "1-0"]
[WhiteElo "1639"]
[BlackElo "2003"]
[PlyCount "77"]
[EventDate "2010.01.10"]

1. e4 e5 2. Nc3 Nf6 3. Bc4 Bc5 4. d3 d6 5. Bg5 c6 6. Qd2 b5 7. Bb3 O-O 8. Nf3
a5 9. a3 Nbd7 10. O-O Qb6 11. h3 Bb7 12. Rae1 Rfe8 13. Be3 d5 14. exd5 cxd5 15.
d4 exd4 16. Nxd4 Ne4 17. Nxe4 dxe4 18. Nf5 Ne5 19. Bxc5 Qxc5 20. Qg5 Qf8 21.
Re3 Ra6 22. Rg3 Rg6 23. Qf4 Rxg3 24. Qxg3 Bc8 25. Ne3 Kh8 26. Rd1 f5 27. Qf4 a4
28. Ba2 h6 29. h4 Ng6 30. Qc7 f4 31. Nd5 Be6 32. Qb6 Qg8 33. Nc7 Bxa2 34. Nxe8
Kh7 35. Rd8 Qf7 36. Nd6 Qf6 37. Qb8 Nxh4 38. Rh8+ Kg6 39. Qe8+ 1-0

[Event "C.to Provinciale TP"]
[Site "Erice ITA"]
[Date "2010.01.24"]
[Round "5"]
[White "Lo Piccolo, Antonino"]
[Black "Cassia, Giuseppe"]
[Result "1-0"]
[WhiteElo "1873"]
[BlackElo "1577"]
[PlyCount "55"]
[EventDate "2010.01.10"]

1. d4 Nf6 2. c4 g6 3. Nc3 Bg7 4. e4 d6 5. f4 Bg4 6. Nf3 O-O 7. Be2 c5 8. d5 Re8
9. O-O Bxf3 10. Bxf3 e6 11. dxe6 Nc6 12. exf7+ Kxf7 13. Be3 Re6 14. Bf2 Qe8 15.
Nd5 Rc8 16. Nxf6 Bxf6 17. Bg4 Rd8 18. Qd5 Nb4 19. Qxe6+ Qxe6 20. Bxe6+ Kxe6 21.
f5+ gxf5 22. exf5+ Kf7 23. Rad1 b6 24. Rd2 Be5 25. Re1 Nc6 26. Bg3 a6 27. Bxe5
Nxe5 28. Rxe5 1-0

[Event "C.to Provinciale TP"]
[Site "Erice ITA"]
[Date "2010.01.24"]
[Round "5"]
[White "Melograni, Francesco"]
[Black "Piazza, Dario"]
[Result "1-0"]
[WhiteElo "1832"]
[BlackElo "1569"]
[PlyCount "81"]
[EventDate "2010.01.10"]

1. e4 e5 2. Nc3 Nf6 3. Bc4 c6 4. d3 d5 5. exd5 cxd5 6. Bb5+ Bd7 7. Bxd7+ Qxd7
8. Nf3 Nc6 9. O-O d4 10. Ne2 Bd6 11. Ng3 O-O-O 12. Re1 Rhe8 13. Bg5 Re6 14. Ne4
Be7 15. Bxf6 gxf6 16. Nh4 Qd5 17. Qh5 h6 18. Nf5 Bb4 19. Re2 Ne7 20. Nxe7+ Bxe7
21. Qxf7 Rf8 22. Qh5 f5 23. Ng3 Rg8 24. Qxf5 Rg5 25. Qe4 Qd7 26. f4 Rg4 27. Rf1
Bg5 28. Qf5 Rxf4 29. Rxf4 Bxf4 30. Ne4 Re7 31. Qxd7+ Rxd7 32. g3 Be3+ 33. Kg2
Kc7 34. Nf6 Rd8 35. Ng4 Kd6 36. Nxe3 dxe3 37. Kf3 Rf8+ 38. Kxe3 h5 39. Rf2 Rxf2
40. Kxf2 Ke6 41. Kf3 1-0

[Event "C.to Provinciale TP"]
[Site "Erice ITA"]
[Date "2010.01.24"]
[Round "5"]
[White "Pantano, Giuseppe"]
[Black "Meo, Antonino"]
[Result "1-0"]
[WhiteElo "1563"]
[BlackElo "1515"]
[PlyCount "41"]
[EventDate "2010.01.10"]

1. d4 Nf6 2. c4 g6 3. Nc3 d6 4. e4 Bg7 5. Be3 O-O 6. Be2 c6 7. Qd2 Re8 8. h4 e5
9. d5 cxd5 10. cxd5 Nbd7 11. Bh6 Kh8 12. h5 Nc5 13. Bg5 Ncxe4 14. Bxf6 Nxd2 15.
Bxd8 Rxd8 16. Kxd2 a6 17. Nf3 Bf5 18. hxg6 fxg6 19. Ng5 Rd7 20. g4 Bf6 21. Nh3
1-0

[Event "C.to Provinciale TP"]
[Site "Erice ITA"]
[Date "2010.01.24"]
[Round "5"]
[White "Piazza, Francesco"]
[Black "Gigante, Giovanni"]
[Result "1-0"]
[WhiteElo "1359"]
[BlackElo "1895"]
[PlyCount "77"]
[EventDate "2010.01.10"]

1. e4 d5 2. exd5 Qxd5 3. Nc3 Qd6 4. Nf3 Nf6 5. d4 a6 6. Ne5 c5 7. Bc4 e6 8. Nf3
b5 9. Bd3 cxd4 10. Ne4 Nxe4 11. Bxe4 Ra7 12. Qxd4 Qxd4 13. Nxd4 Bc5 14. Be3 Bd7
15. O-O-O O-O 16. Kb1 Rc8 17. Rhe1 Rac7 18. Bf4 Ra7 19. f3 f5 20. Bxb8 Rxb8 21.
Nc6 Bxc6 22. Bxc6 Kf7 23. Rd7+ Rxd7 24. Bxd7 Rb6 25. c3 Rd6 26. Bc8 g5 27. Re2
Kf6 28. Kc2 Rc6 29. Bd7 Rd6 30. Bc8 Bg1 31. h3 Bh2 32. Rd2 Rc6 33. Bd7 Rd6 34.
Rxd6 Bxd6 35. Kd3 Ke5 36. Ke2 b4 37. g4 bxc3 38. bxc3 Bc5 39. Kd3 1-0

[Event "C.to Provinciale TP"]
[Site "Erice ITA"]
[Date "2010.01.24"]
[Round "5"]
[White "Romeo, Ettore"]
[Black "Messina, Rosario"]
[Result "0-1"]
[WhiteElo "1335"]
[BlackElo "1577"]
[PlyCount "62"]
[EventDate "2010.01.10"]

1. e4 e5 2. Bc4 Bc5 3. Nf3 Nc6 4. Nc3 Nf6 5. d3 h6 6. Nd5 d6 7. h3 a6 8. O-O
O-O 9. Bd2 Be6 10. a3 Nd4 11. Be3 Nxf3+ 12. Qxf3 Bxd5 13. exd5 Bxe3 14. fxe3
Qe7 15. d4 Nd7 16. c3 b5 17. Be2 e4 18. Qf4 Rae8 19. Bh5 Nf6 20. Bg4 Nxd5 21.
Be6 Nxf4 22. g3 Nxe6 23. d5 Ng5 24. h4 Nf3+ 25. Kf2 Qe5 26. Ke2 Qxd5 27. Rad1
Qc4+ 28. Kf2 Re5 29. Kg2 Qe2+ 30. Kh3 f5 31. b4 Qh2# 0-1

[Event "C.to Provinciale TP"]
[Site "Erice ITA"]
[Date "2010.01.24"]
[Round "5"]
[White "Romeo, Giacomo"]
[Black "Savalla, Gianluca"]
[Result "1-0"]
[WhiteElo "1488"]
[BlackElo "1410"]
[PlyCount "79"]
[EventDate "2010.01.10"]

1. e4 e5 2. Nf3 Nc6 3. Nc3 Nf6 4. Bc4 Be7 5. Ng5 d5 6. exd5 Nxd5 7. Bxd5 Bxg5
8. Qf3 Qe7 9. Bxc6+ bxc6 10. Qxc6+ Qd7 11. Qxa8 O-O 12. Qe4 Qd4 13. Qxd4 exd4
14. Ne4 Re8 15. d3 Bd8 16. Kd2 c6 17. Nd6 Bg5+ 18. Kd1 Rd8 19. Nxc8 Rxc8 20.
Bxg5 c5 21. b3 Re8 22. Re1 Rb8 23. Bf4 Rd8 24. Bc7 Rc8 25. a4 h6 26. Bd6 Rc6
27. Bb8 Rc8 28. Bxa7 Rc7 29. Bb6 Rc6 30. a5 Rc8 31. a6 g5 32. a7 Ra8 33. Bxc5
Kh7 34. b4 f5 35. b5 h5 36. b6 f4 37. b7 Rf8 38. a8=Q Rf5 39. Ra6 Rxc5 40. Re7#
1-0

[Event "C.to Provinciale TP"]
[Site "Erice ITA"]
[Date "2010.01.24"]
[Round "5"]
[White "Sardo, Riccardo"]
[Black "Oddo, Salvatore"]
[Result "1/2-1/2"]
[WhiteElo "1377"]
[BlackElo "1547"]
[PlyCount "72"]
[EventDate "2010.01.10"]

1. e4 d6 2. Nc3 Nd7 3. Bc4 e5 4. Nf3 Be7 5. d4 c6 6. dxe5 Nxe5 7. Nxe5 dxe5 8.
O-O Nf6 9. Qf3 O-O 10. Qg3 Ng4 11. h3 Bh4 12. Qf3 Qd4 13. Bb3 Nxf2 14. Be3
Nxh3+ 15. gxh3 Qd8 16. Rad1 Qe7 17. Na4 b6 18. Qh5 Bf6 19. c4 Be6 20. Rd2 g6
21. Qf3 Bg7 22. Rg2 Rad8 23. c5 b5 24. Bd1 bxa4 25. Qg3 Bc4 26. Be2 Bxa2 27.
Rf5 f6 28. Rf1 Bb3 29. h4 Rf7 30. Rgf2 Rb8 31. h5 g5 32. Bxg5 fxg5 33. Bd1 Rxf2
34. Qxf2 Bxd1 35. Rxd1 Rf8 36. Qe3 Qf6 1/2-1/2

[Event "C.to Provinciale TP"]
[Site "Erice ITA"]
[Date "2010.01.24"]
[Round "5"]
[White "Savalla, Pietro"]
[Black "Castelli, Giovanni J."]
[Result "1/2-1/2"]
[WhiteElo "1612"]
[BlackElo "1782"]
[PlyCount "191"]
[EventDate "2010.01.10"]

1. e4 e5 2. Nf3 Nc6 3. Bc4 Bc5 4. d4 Bxd4 5. Nxd4 Nxd4 6. c3 Nc6 7. O-O Nf6 8.
Bg5 h6 9. Bh4 d6 10. Nd2 Qe7 11. Qb3 O-O 12. Qd1 Be6 13. Re1 Bxc4 14. Nxc4 Qe6
15. Bxf6 Qxf6 16. Ne3 Ne7 17. Qg4 Rad8 18. Rad1 c6 19. Rd2 b5 20. c4 a6 21.
Red1 bxc4 22. Nxc4 d5 23. Qg3 Nf5 24. Qxe5 dxc4 25. Qxf6 Rxd2 26. Rxd2 gxf6 27.
exf5 Re8 28. Kf1 Re5 29. g4 Kg7 30. Rd4 Rc5 31. f4 c3 32. bxc3 Rxc3 33. Rd2 c5
34. Rf2 c4 35. Ke1 Kf8 36. Kd2 Rd3+ 37. Kc2 Rh3 38. Kb2 Ke7 39. Rc2 Kd6 40.
Rxc4 Rxh2+ 41. Rc2 Rh4 42. Rg2 Kd5 43. Kb3 Ke4 44. g5 fxg5 45. fxg5 hxg5 46.
Rxg5 f6 47. Rg7 Kxf5 48. Ra7 Ke5 49. Rxa6 f5 50. Ra5+ Kf6 51. Rc5 f4 52. Rc4
Ke5 53. Rc3 Ke4 54. Rc4+ Kf3 55. a4 Rh1 56. Rc2 Kg3 57. a5 f3 58. a6 f2 59.
Rxf2 Kxf2 60. Kb4 Ra1 61. Kb5 Ke3 62. Kb6 Rb1+ 63. Ka7 Kd4 64. Ka8 Kc5 65. a7
Kb6 66. Kb8 Rh1 67. a8=N+ Ka6 68. Nc7+ Kb6 69. Nd5+ Kc6 70. Ne7+ Kd7 71. Nd5
Rb1+ 72. Ka7 Kc6 73. Ne7+ Kc7 74. Nd5+ Kc6 75. Ne7+ Kd6 76. Nf5+ Ke5 77. Ne7
Rc1 78. Kb7 Kd6 79. Nc8+ Kd7 80. Nb6+ Kd6 81. Nc8+ Kd5 82. Nb6+ Kc5 83. Nd7+
Kb4 84. Nb6 Rh1 85. Nd5+ Kc5 86. Nf6 Rd1 87. Kc7 Rd3 88. Ne4+ Kd5 89. Nf6+ Ke6
90. Ne4 Kd5 91. Nf6+ Ke6 92. Ne4 Rd4 93. Nc5+ Kd5 94. Nd7 Rc4+ 95. Kb7 Rc7+ 96.
Kxc7 1/2-1/2

[Event "C.to Provinciale TP"]
[Site "Erice ITA"]
[Date "2010.01.24"]
[Round "5"]
[White "Speciale, Francesco"]
[Black "Cleal, John"]
[Result "1/2-1/2"]
[WhiteElo "1911"]
[BlackElo "1952"]
[PlyCount "61"]
[EventDate "2010.01.10"]

1. d4 Nf6 2. e3 g6 3. Bd3 Bg7 4. Nd2 d6 5. c3 Nbd7 6. Ne2 c5 7. b3 O-O 8. h4
cxd4 9. cxd4 h5 10. Bb2 Re8 11. Rc1 e5 12. Nc4 exd4 13. Bxd4 Ne5 14. Bb1 b5 15.
Bxe5 dxe5 16. Qxd8 Rxd8 17. Nxe5 Nd5 18. Nc6 Rd6 19. e4 Nc3 20. Ne7+ Kf8 21.
Nxc3 Bxc3+ 22. Rxc3 Kxe7 23. O-O Be6 24. e5 Rd4 25. g3 Rad8 26. Rcc1 Rd2 27.
Rc7+ Kf8 28. Rc2 Rxc2 29. Bxc2 Rd2 30. Bb1 Re2 31. Rc1 1/2-1/2

[Event "C.to Provinciale TP"]
[Site "Erice ITA"]
[Date "2010.01.24"]
[Round "6"]
[White "Bucca, Angelo"]
[Black "Romeo, Giacomo"]
[Result "0-1"]
[WhiteElo "1401"]
[BlackElo "1488"]
[PlyCount "84"]
[EventDate "2010.01.10"]

1. e4 e5 2. Nf3 Nc6 3. Nc3 Nf6 4. Bc4 d6 5. h3 Na5 6. Be2 Be6 7. d3 h6 8. Be3
Nc6 9. O-O d5 10. exd5 Nxd5 11. Nxd5 Bxd5 12. d4 e4 13. Ne5 Nxe5 14. dxe5 c6
15. c4 Be6 16. Qxd8+ Rxd8 17. Bxa7 Rd2 18. Rfe1 Rxb2 19. Bd4 Rd2 20. Be3 Rc2
21. Kh2 Bb4 22. Reb1 Bc3 23. Bf1 Bxa1 24. Rxa1 Bxc4 25. Bxc4 Rxc4 26. a4 Ke7
27. a5 Ra8 28. Kg3 Ke6 29. Bf4 g5 30. Be3 Kxe5 31. f4+ Kf5 32. fxg5 hxg5 33. h4
gxh4+ 34. Kxh4 Rc3 35. g4+ Kg6 36. Bg1 f5 37. gxf5+ Kxf5 38. Rf1+ Rf3 39. Rb1
Rxa5 40. Rxb7 Rf4+ 41. Kh5 Kf6+ 42. Kh6 Rh4# 0-1

[Event "C.to Provinciale TP"]
[Site "Erice ITA"]
[Date "2010.01.24"]
[Round "6"]
[White "Cassia, Giuseppe"]
[Black "Speciale, Francesco"]
[Result "0-1"]
[WhiteElo "1577"]
[BlackElo "1911"]
[PlyCount "106"]
[EventDate "2010.01.10"]

1. c4 Nf6 2. Nc3 b6 3. d4 Bb7 4. Bg5 d6 5. Nf3 Nbd7 6. Bxf6 Nxf6 7. Qa4+ Qd7 8.
Qxd7+ Kxd7 9. d5 g6 10. g3 Bg7 11. Bh3+ Kd8 12. O-O Ba6 13. Ng5 Rf8 14. Be6
fxe6 15. Nxe6+ Kd7 16. Nxg7 Bxc4 17. Ne6 Rf7 18. Nf4 g5 19. b3 Bxb3 20. axb3
gxf4 21. gxf4 Rg8+ 22. Kh1 a5 23. Rg1 Ng4 24. Ne4 Rxf4 25. f3 Nf6 26. Rxg8 Nxg8
27. Nf2 Rb4 28. Ra3 Nf6 29. e4 c6 30. dxc6+ Kxc6 31. Nd3 Rd4 32. Nf4 Kb5 33.
Ne6 Rd1+ 34. Kg2 Kb4 35. Ra2 Kxb3 36. Re2 a4 37. Nc7 Rd3 38. e5 Nd5 39. exd6
exd6 40. Nxd5 Rxd5 41. Re3+ Kc4 42. f4 b5 43. Kg3 Rd3 44. Rxd3 Kxd3 45. f5 a3
46. f6 a2 47. f7 a1=Q 48. f8=Q Qe5+ 49. Kh3 b4 50. Qg8 Qf5+ 51. Kh4 Qf6+ 52.
Kh3 Qh6+ 53. Kg3 Qg6+ 0-1

[Event "C.to Provinciale TP"]
[Site "Erice ITA"]
[Date "2010.01.24"]
[Round "6"]
[White "Castelli, Giovanni J."]
[Black "Monaco, Alessandro"]
[Result "1-0"]
[WhiteElo "1782"]
[BlackElo "1805"]
[PlyCount "51"]
[EventDate "2010.01.10"]

1. e4 c5 2. Nf3 e6 3. d4 cxd4 4. Nxd4 Nc6 5. Be2 a6 6. O-O Qc7 7. Nc3 Nf6 8.
Be3 Be7 9. f4 Nxd4 10. Bxd4 Bc5 11. Kh1 Bxd4 12. Qxd4 O-O 13. e5 Ne8 14. Rad1
b5 15. Bf3 Rb8 16. a3 f6 17. Be4 Rb6 18. Bd3 d6 19. exf6 Nxf6 20. Rde1 Re8 21.
Ne4 Nxe4 22. Qxe4 g6 23. f5 Bb7 24. Qg4 e5 25. fxg6 hxg6 26. Rf6 1-0

[Event "C.to Provinciale TP"]
[Site "Erice ITA"]
[Date "2010.01.24"]
[Round "6"]
[White "Cerami, Giuseppe"]
[Black "Sardo, Riccardo"]
[Result "1-0"]
[WhiteElo "1589"]
[BlackElo "1377"]
[PlyCount "63"]
[EventDate "2010.01.10"]

1. b4 Nf6 2. Bb2 d5 3. e3 Bf5 4. Nf3 Nbd7 5. c4 e6 6. c5 c6 7. Be2 b6 8. d4 a5
9. a3 g6 10. Nbd2 Bg7 11. Nh4 Be4 12. O-O Qc7 13. f3 Bf5 14. g4 g5 15. gxf5
gxh4 16. fxe6 fxe6 17. f4 Rg8 18. Bh5+ Kd8 19. Kh1 Ne4 20. Nxe4 dxe4 21. Bf7
Rf8 22. Bxe6 Nf6 23. Qe2 Qe7 24. f5 Bh6 25. cxb6 Qg7 26. Rg1 Qe7 27. Bc3 Ne8
28. bxa5 Nd6 29. Bb4 c5 30. dxc5 Nxf5 31. Rgd1+ Ke8 32. Qb5+ 1-0

[Event "C.to Provinciale TP"]
[Site "Erice ITA"]
[Date "2010.01.24"]
[Round "6"]
[White "Cleal, John"]
[Black "Savalla, Pietro"]
[Result "1-0"]
[WhiteElo "1952"]
[BlackElo "1612"]
[PlyCount "35"]
[EventDate "2010.01.10"]

1. e4 e5 2. d4 exd4 3. c3 dxc3 4. Bc4 d6 5. Qb3 Qe7 6. Nxc3 h6 7. Nf3 Nf6 8.
O-O Nc6 9. Bf4 Qd7 10. Qc2 Be7 11. e5 dxe5 12. Bxe5 O-O 13. Rad1 Qg4 14. Nd5
Nxd5 15. Bxd5 Bd7 16. h3 Qb4 17. Bc3 Qc5 18. Qg6 1-0

[Event "C.to Provinciale TP"]
[Site "Erice ITA"]
[Date "2010.01.24"]
[Round "6"]
[White "Gigante, Giovanni"]
[Black "Krumbiegel, Michael"]
[Result "1-0"]
[WhiteElo "1895"]
[BlackElo "1422"]
[PlyCount "55"]
[EventDate "2010.01.10"]

1. e4 e5 2. Nf3 Bd6 3. Bc4 Nf6 4. Ng5 O-O 5. Nc3 b6 6. d3 Bb4 7. Bd2 Bxc3 8.
Bxc3 d6 9. f4 Bg4 10. Qd2 Nc6 11. O-O Bh5 12. Qf2 Qe7 13. Qg3 Nd4 14. Bxd4 exd4
15. Rae1 Ng4 16. Bb3 a5 17. a4 Ne3 18. Rxe3 dxe3 19. Qxe3 Kh8 20. f5 Qe5 21.
Qh3 Qd4+ 22. Kh1 g6 23. g4 h6 24. gxh5 hxg5 25. hxg6+ Kg7 26. f6+ Kxg6 27. Qf5+
Kh6 28. Rf3 1-0